| 000 | 01084nam a2200277 a 4500 | ||
|---|---|---|---|
| 001 | 000023865 | ||
| 005 | 20200930022527.0 | ||
| 008 | 110114s1968 sp r 001 0 spa d | ||
| 040 |
_aDO-SdBNP _bspa _cBNPHU |
||
| 041 | 1 | 7 |
_aspa _heng _2Código de idiomas MARC |
| 082 |
_annnn _bJ53d |
||
| 100 | 1 |
_aJenks, C. Wilfred, _949093 |
|
| 240 | 1 | 4 |
_aThe common law of mankind. _lEspañol |
| 245 | 1 | 3 |
_aEl derecho común de la humanidad / _cC. Wilfred Jenks ; traducción de M.T. Martínez de Arellano ; revisión, índices y notas a la edición española de Manuel Medina. |
| 260 |
_aMadrid : _bTecnos, _c1968. |
||
| 300 |
_aix, 430 p. ; _c24 cm. |
||
| 490 | 1 | _aCiencias sociales | |
| 490 | 1 | _aRelaciones internacionales | |
| 504 | _aIncluye referencias bibliográficas y notas al pie de las páginas. | ||
| 534 |
_pTítulo original en inglés: _tThe common law of mankind. |
||
| 500 | _aIncluye índice | ||
| 700 | 1 |
_aRamírez de Arellano, M.T., _etr. _949094 |
|
| 700 | 1 |
_aMedina, Manuel, _949095 |
|
| 830 | 0 |
_aCiencias sociales. _pRelaciones internacionales _949096 |
|
| 049 | _aBNGR | ||
| 999 |
_c23361 _d23361 |
||